[Event "Hessenliga 1516"]
[Site "Germany"]
[Date "2015.12.06"]
[Round "4.1"]
[White "Keller, Peter1111"]
[Black "Haucke, Alexander"]
[Result "1-0"]
[WhiteElo "2319"]
[BlackElo "2223"]
[PlyCount "77"]
[EventDate "2015.09.27"]
[EventType "team-tourn"]
[EventRounds "9"]
[EventCountry "GER"]
[SourceTitle "EXT 2018"]
[Source "ChessBase"]
[SourceDate "2017.10.13"]
[SourceVersion "1"]
[SourceVersionDate "2017.10.13"]
[SourceQuality "1"]
[WhiteTeam "Frankfurt TV"]
[BlackTeam "Bad Homburg"]
[WhiteTeamCountry "GER"]
[BlackTeamCountry "GER"]

1. e4 c5 2. Nf3 d6 3. d4 cxd4 4. Nxd4 Nf6 5. Nc3 a6 6. h3 g6 7. g4 Bg7 8. Bg2 0-0 9. Be3 Nfd7 10. Qe2 Nc6 11. 0-0-0 Rb8 12. f4 Nxd4 13. Bxd4 Qa5 14. Bxg7 Kxg7 15. Kb1 Re8 16. Bf3 Nb6 17. h4 Be6 18. f5 Bd7 19. Nd5 Nxd5 20. Rxd5 Qc7 21. Qd2 Bc6 22. Qc3+ f6 23. fxg6 hxg6 24. h5 e5 25. hxg6 Rh8 26. Rh5 Kxg6 27. Rd1 Rxh5 28. gxh5+ Kh7 29. Bg4 Rg8 30. Bf5+ Kh8 31. Bg6 Qg7 32. b3 Rd8 33. Qf3 b5 34. Rg1 d5 35. h6 Qe7 36. Bf5 dxe4 37. Qc3 Ba8 38. Rg7 Rd1+ 39. Kb2 1-0

[Event "Hessenliga 1415"]
[Site "Hessen"]
[Date "2014.11.16"]
[Round "3.3"]
[White "Haucke, Alexander"]
[Black "Chandler, Patrick"]
[Result "1-0"]
[WhiteElo "2223"]
[BlackElo "2161"]
[PlyCount "59"]
[EventDate "2014.09.28"]
[EventType "team-tourn"]
[EventRounds "9"]
[EventCountry "GER"]
[SourceTitle "EXT 2016"]
[Source "ChessBase"]
[SourceDate "2015.10.08"]
[SourceVersion "1"]
[SourceVersionDate "2015.10.08"]
[SourceQuality "1"]
[WhiteTeam "Bad Homburg"]
[BlackTeam "Gelnhausen"]
[WhiteTeamCountry "GER"]
[BlackTeamCountry "GER"]

1. d4 Nf6 2. Nf3 b5 3. Bg5 Bb7 4. Bxf6 gxf6 5. Nbd2 d5 6. g3 e6 7. Bg2 c5 8. dxc5 Bxc5 9. 0-0 Nd7 10. a4 b4 11. Nb3 Be7 12. Nfd4 h5 13. Re1 h4 14. e4 hxg3 15. hxg3 Ne5 16. Qe2 Kf8 17. Rad1 Qc8 18. exd5 Bxd5 19. Bxd5 exd5 20. Qf1 Qg4 21. Qg2 Rc8 22. Qxd5 Rxc2 23. Nxc2 Nf3+ 24. Kf1 Rh1+ 25. Kg2 Rh2+ 26. Kf1 Rh5 27. Qa8+ Kg7 28. Ne3 Rh1+ 29. Ke2 Nd4+ 30. Kd3 1-0

[Event "Hessenliga 1314"]
[Site "Germany"]
[Date "2013.11.03"]
[Round "3.3"]
[White "Neumann, Norbert"]
[Black "Haucke, Alexander"]
[Result "1-0"]
[WhiteElo "2144"]
[BlackElo "2223"]
[PlyCount "61"]
[EventDate "2013.09.29"]
[EventType "team-tourn"]
[EventRounds "9"]
[EventCountry "GER"]
[SourceTitle "EXT 2015"]
[Source "ChessBase"]
[SourceDate "2014.11.20"]
[SourceVersion "1"]
[SourceVersionDate "2014.11.20"]
[SourceQuality "1"]
[WhiteTeam "Langen"]
[BlackTeam "Bad Homburg"]
[WhiteTeamCountry "GER"]
[BlackTeamCountry "GER"]

1. e4 c5 2. Nf3 d6 3. d4 cxd4 4. Nxd4 Nf6 5. Nc3 a6 6. a4 e5 7. Nf3 h6 8. Bc4 Qc7 9. Nd2 Be7 10. 0-0 0-0 11. Nd5 Nxd5 12. Bxd5 Be6 13. Nc4 Nd7 14. a5 Rac8 15. b3 Bxd5 16. Qxd5 Nf6 17. Qd3 Qc6 18. Re1 Rfd8 19. Qf3 Kf8 20. Ba3 Rc7 21. Rad1 Rcd7 22. Nb6 Rc7 23. c4 Kg8 24. Bc1 Kh7 25. Qd3 Bf8 26. Nd5 Rcc8 27. Nxf6+ gxf6 28. Qf3 Bg7 29. Qf5+ Kg8 30. Qh5 Kf8 31. Bxh6 1-0

[Event "Landesliga Nord 1112"]
[Site "Bayern"]
[Date "2011.10.23"]
[Round "2.6"]
[White "Haucke, Alexander"]
[Black "Oechslein, Rainer"]
[Result "0-1"]
[WhiteElo "2175"]
[BlackElo "2139"]
[PlyCount "140"]
[EventDate "2011.10.02"]
[EventType "team-tourn"]
[EventRounds "9"]
[EventCountry "GER"]
[SourceTitle "EXT 2013"]
[Source "ChessBase"]
[SourceDate "2012.11.22"]
[SourceVersion "1"]
[SourceVersionDate "2012.11.22"]
[SourceQuality "1"]
[WhiteTeam "Nuernberg NT II"]
[BlackTeam "Schweinfurt"]
[WhiteTeamCountry "GER"]
[BlackTeamCountry "GER"]

1. d4 Nf6 2. Nf3 g6 3. c4 Bg7 4. Nc3 0-0 5. e4 d6 6. Be2 e5 7. Be3 Ng4 8. Bg5 f6 9. Bc1 Nc6 10. d5 Ne7 11. Nd2 Nh6 12. b4 f5 13. c5 Nf7 14. 0-0 fxe4 15. Ndxe4 Nf5 16. a4 a5 17. Ba3 axb4 18. Bxb4 dxc5 19. Nxc5 Re8 20. Bb5 Re7 21. Ne6 Bxe6 22. Bxe7 Qxe7 23. dxe6 Qxe6 24. Qd7 Qxd7 25. Bxd7 Nd4 26. Ne4 Rd8 27. Bb5 Kf8 28. Rfd1 Ke7 29. Rab1 Nd6 30. Nxd6 Rxd6 31. Kf1 b6 32. Bd3 Rd5 33. Rbc1 Kd6 34. Be4 Ra5 35. Rc4 c5 36. Rb1 Kc7 37. g3 Bh6 38. Rb2 Ne6 39. Bd5 Nd4 40. Be4 Nc6 41. Bd5 Nd4 42. Bg8 Nf3 43. Ke2 Nd4+ 44. Kf1 Nf3 45. Kg2 Ne1+ 46. Kh3 Ra8 47. Rh4 Rxg8 48. Rxh6 Rg7 49. Rh4 Rf7 50. Rc4 Nd3 51. Rd2 e4 52. Kg2 Ne1+ 53. Kf1 Nf3 54. Re2 Re7 55. Kg2 Nd4 56. Ra2 Kc6 57. Rc3 g5 58. h3 h5 59. Ra1 Ra7 60. Rc4 Kd5 61. Rc3 g4 62. hxg4 hxg4 63. Kf1 c4 64. Kg2 b5 65. Rh1 Rxa4 66. Rh5+ Kc6 67. Re3 Kb6 68. Rxe4 c3 69. Rxg4 c2 70. Rh1 Nb3 0-1

[Event "Hessenliga 0910"]
[Site "Germany"]
[Date "2010.02.21"]
[Round "7.8"]
[White "Haucke, Alexander"]
[Black "Rohs, Peter"]
[Result "1-0"]
[WhiteElo "2210"]
[BlackElo "2039"]
[PlyCount "89"]
[EventDate "2009.09.20"]
[EventType "team-tourn"]
[EventRounds "9"]
[EventCountry "GER"]
[SourceTitle "EXT 2011"]
[Source "ChessBase"]
[SourceDate "2010.11.26"]
[SourceVersion "1"]
[SourceVersionDate "2010.11.26"]
[SourceQuality "1"]
[WhiteTeam "Kassel"]
[BlackTeam "Hofheim II"]
[WhiteTeamCountry "GER"]
[BlackTeamCountry "GER"]

1. d4 Nf6 2. c4 c5 3. d5 e6 4. Nc3 exd5 5. cxd5 d6 6. g3 g6 7. Bg2 Bg7 8. Nf3 0-0 9. 0-0 Re8 10. h3 a6 11. a4 Nbd7 12. Nd2 Rb8 13. Nc4 Ne5 14. Na3 Qc7 15. Re1 c4 16. Be3 Nfd7 17. Ne4 f5 18. Ng5 Nf6 19. Bd4 h6 20. Nf3 Ne4 21. Rc1 b5 22. axb5 axb5 23. Nc2 b4 24. Ne3 Ba6 25. Bxe5 Bxe5 26. Nxe5 Rxe5 27. Qd4 c3 28. Bxe4 Rxe4 29. Qf6 Kh7 30. bxc3 Qe7 31. Qxe7+ Rxe7 32. cxb4 Rxb4 33. Rc6 Bb7 34. Rxd6 f4 35. gxf4 Rxf4 36. Rb1 Bc8 37. Rbb6 Bxh3 38. Rxg6 Rh4 39. Rg3 Ra7 40. Rb1 Bd7 41. Rd1 Ra2 42. Rc1 Bh3 43. d6 Rxe2 44. Nd5 h5 45. Rxh3 1-0

[Event "GER-chT U20"]
[Site "Hamburg"]
[Date "2001.12.27"]
[Round "2.3"]
[White "Haucke, Alexander"]
[Black "Rudnizki, Sergej"]
[Result "1-0"]
[WhiteElo "2224"]
[BlackElo "2118"]
[PlyCount "138"]
[EventDate "2001.12.26"]
[EventType "team"]
[EventRounds "7"]
[EventCountry "GER"]
[SourceTitle "EXT 2003"]
[Source "ChessBase"]
[SourceDate "2002.11.25"]
[SourceVersion "1"]
[SourceVersionDate "2002.11.25"]
[SourceQuality "1"]

1. e4 e5 2. Nf3 Nc6 3. Nc3 Nf6 4. d4 exd4 5. Nxd4 Bb4 6. Nxc6 bxc6 7. Bd3 0-0 8. 0-0 d5 9. exd5 cxd5 10. Bg5 Be6 11. Ne2 Be7 12. Nd4 Qd6 13. Nxe6 fxe6 14. Bh4 Rab8 15. Bg3 e5 16. Re1 Nd7 17. c4 d4 18. Qc2 g6 19. h4 c5 20. Be4 Rb6 21. b3 Bf6 22. Bd5+ Kh8 23. Re4 Qe7 24. Rae1 Qg7 25. Qe2 a5 26. h5 g5 27. Qg4 Rd8 28. Be6 Nf8 29. Bf5 d3 30. Rd1 h6 31. Qf3 d2 32. Re2 Rbd6 33. Qe3 Ne6 34. Bxe6 Rxe6 35. Rexd2 Rd4 36. Rxd4 cxd4 37. Qe4 Rd6 38. f3 Rd8 39. Rd3 Qe7 40. Qc6 Bg7 41. Rd1 Re8 42. Qg6 Rd8 43. Be1 Qc7 44. Qa6 Qd7 45. Bxa5 Rf8 46. Bb4 Rf4 47. Bd2 Rf8 48. Qg6 Rf6 49. Qe4 Ra6 50. a4 Qe7 51. a5 Qc5 52. Qd5 Qc7 53. b4 Rd6 54. Qb5 g4 55. fxg4 Rd8 56. Qb6 Qe7 57. Bxh6 Bf6 58. g5 Bxg5 59. Bxg5 Qxg5 60. a6 Rg8 61. Qc6 Qxh5 62. Qf6+ Rg7 63. Rf1 Qg4 64. Qf3 Qxf3 65. Rxf3 e4 66. Rf4 Re7 67. a7 Rxa7 68. Rxe4 Ra4 69. Rxd4 Rxb4 1-0

[Event "Kiel op 14th"]
[Site "Kiel"]
[Date "2001.08.19"]
[Round "3"]
[White "Haucke, Alexander"]
[Black "Meijers, Viesturs"]
[Result "0-1"]
[WhiteElo "2224"]
[BlackElo "2449"]
[PlyCount "68"]
[EventDate "2001.08.18"]
[EventType "swiss"]
[EventRounds "9"]
[EventCountry "GER"]
[SourceTitle "EXT 2003"]
[Source "ChessBase"]
[SourceDate "2002.11.25"]
[SourceVersion "1"]
[SourceVersionDate "2002.11.25"]
[SourceQuality "1"]

1. e4 c5 2. Nf3 e6 3. d4 cxd4 4. Nxd4 a6 5. Nc3 Qc7 6. g3 b5 7. Bg2 Bb7 8. 0-0 h5 9. Re1 d6 10. a4 bxa4 11. Rxa4 Nd7 12. Nb3 Rb8 13. Bf1 Ra8 14. Bg5 Ngf6 15. Bxf6 gxf6 16. Na5 Nc5 17. Ra1 h4 18. Nxb7 Qxb7 19. Bg2 hxg3 20. hxg3 Qc8 21. Qf3 Rb8 22. Qxf6 Rg8 23. Qd4 Qc6 24. Nd5 Nd7 25. Rxa6 Qxc2 26. Ra7 Bg7 27. Nc7+ Ke7 28. Qe3 Rxb2 29. Nd5+ exd5 30. Qg5+ f6 31. Qf5 Rd8 32. Bh3 Kf8 33. exd5 Qc5 34. Ra4 Ne5 0-1

[Event "Schleswig Holstein-chA 55th"]
[Site "Bad Segeberg"]
[Date "2000.??.??"]
[Round "9"]
[White "Haucke, Alexander"]
[Black "Ehrke, Michael"]
[Result "1/2-1/2"]
[WhiteElo "2166"]
[BlackElo "2224"]
[PlyCount "32"]
[EventDate "2000.??.??"]
[EventType "swiss"]
[EventRounds "9"]
[EventCountry "GER"]
[SourceTitle "EXT 2002"]
[Source "ChessBase"]
[SourceDate "2001.11.25"]
[SourceVersion "1"]
[SourceVersionDate "2001.11.25"]
[SourceQuality "1"]

1. e4 e5 2. Nf3 Nc6 3. Nc3 Nf6 4. d4 Bb4 5. Nxe5 0-0 6. Nxc6 dxc6 7. Bg5 Re8 8. e5 c5 9. dxc5 Qxd1+ 10. Rxd1 Rxe5+ 11. Be3 Bg4 12. Be2 Bxc5 13. Bxc5 Bxe2 14. Bd4 Bxd1+ 15. Bxe5 Bxc2 16. Bxc7 Rc8 1/2-1/2

[Event "Schleswig Holstein-chA 55th"]
[Site "Bad Segeberg"]
[Date "2000.??.??"]
[Round "2"]
[White "Haucke, Alexander"]
[Black "Krause, Ullrich"]
[Result "1/2-1/2"]
[WhiteElo "2166"]
[BlackElo "2316"]
[PlyCount "67"]
[EventDate "2000.??.??"]
[EventType "swiss"]
[EventRounds "9"]
[EventCountry "GER"]
[SourceTitle "EXT 2002"]
[Source "ChessBase"]
[SourceDate "2001.11.25"]
[SourceVersion "1"]
[SourceVersionDate "2001.11.25"]
[SourceQuality "1"]

1. e4 e6 2. d4 d5 3. Nd2 Nf6 4. e5 Nfd7 5. c3 c5 6. Bd3 Nc6 7. Ne2 cxd4 8. cxd4 h5 9. 0-0 g6 10. Nf3 Be7 11. Be3 Nb6 12. a3 a5 13. b3 a4 14. b4 Bd7 15. Rc1 Na7 16. Nc3 Rc8 17. Nd2 Kf8 18. Qf3 Kg7 19. Qg3 h4 20. Qg4 h3 21. g3 Bc6 22. Nf3 Rh5 23. Ne2 Rf5 24. Bxf5 exf5 25. Qxh3 Qh8 26. Qxh8+ Kxh8 27. Nd2 Nb5 28. Ra1 Nc4 29. Nxc4 dxc4 30. Rfc1 Bf3 31. Nc3 Nxc3 32. Rxc3 Bd5 33. h3 Kg7 34. Bc1 1/2-1/2

[Event "Wichern op 5th"]
[Site "Hamburg"]
[Date "1999.10.19"]
[Round "6.39"]
[White "Reddmann, Hauke"]
[Black "Haucke, Alexander"]
[Result "1/2-1/2"]
[WhiteElo "2357"]
[BlackElo "2173"]
[PlyCount "52"]
[EventDate "1999.10.15"]
[EventType "swiss"]
[EventRounds "9"]
[EventCountry "GER"]
[SourceTitle "EXT 2001"]
[Source "ChessBase"]
[SourceDate "2000.11.22"]
[SourceVersion "1"]
[SourceVersionDate "2000.11.22"]
[SourceQuality "1"]

1. d4 g6 2. c4 Bg7 3. Nf3 Nf6 4. Nbd2 0-0 5. e4 d6 6. Be2 Nbd7 7. Rb1 c5 8. b4 cxd4 9. Nxd4 Qb6 10. Nc2 Qc7 11. Ne3 e6 12. 0-0 b6 13. f3 Bb7 14. Nb3 Rfd8 15. Bb2 Rac8 16. Rc1 Qb8 17. Qe1 d5 18. Qh4 Ne5 19. exd5 exd5 20. f4 Nxc4 21. Bxc4 dxc4 22. Bxf6 Bxf6 23. Qxf6 Rd6 24. Qg5 f6 25. Qg4 cxb3 26. axb3 Re8 1/2-1/2

[Event "Wichern op 5th"]
[Site "Hamburg"]
[Date "1999.10.17"]
[Round "3.77"]
[White "Haucke, Alexander"]
[Black "Behling, Harald"]
[Result "1-0"]
[WhiteElo "2173"]
[BlackElo "1966"]
[PlyCount "49"]
[EventDate "1999.10.15"]
[EventType "swiss"]
[EventRounds "9"]
[EventCountry "GER"]
[SourceTitle "EXT 2001"]
[Source "ChessBase"]
[SourceDate "2000.11.22"]
[SourceVersion "1"]
[SourceVersionDate "2000.11.22"]
[SourceQuality "1"]

1. e4 d6 2. d4 g6 3. Nc3 Bg7 4. Be3 Nf6 5. Qd2 Nc6 6. f3 e5 7. Nge2 0-0 8. 0-0-0 exd4 9. Nxd4 Nxd4 10. Bxd4 Be6 11. Be2 a6 12. g4 b5 13. g5 Ne8 14. Bxg7 Nxg7 15. f4 f5 16. exf5 gxf5 17. h4 Qe8 18. Bf3 Rb8 19. Nd5 Bxd5 20. Bxd5+ Kh8 21. h5 c6 22. h6 cxd5 23. hxg7+ Kxg7 24. Qd4+ Kg8 25. Rxh7 1-0

[Event "Wichern op 5th"]
[Site "Hamburg"]
[Date "1999.10.17"]
[Round "4.31"]
[White "Jansa, Vlastimil"]
[Black "Haucke, Alexander"]
[Result "1-0"]
[WhiteElo "2442"]
[BlackElo "2173"]
[PlyCount "69"]
[EventDate "1999.10.15"]
[EventType "swiss"]
[EventRounds "9"]
[EventCountry "GER"]
[SourceTitle "EXT 2001"]
[Source "ChessBase"]
[SourceDate "2000.11.22"]
[SourceVersion "1"]
[SourceVersionDate "2000.11.22"]
[SourceQuality "1"]

1. e4 c5 2. Nf3 d6 3. d4 cxd4 4. Nxd4 Nf6 5. Nc3 g6 6. Be3 Bg7 7. f3 0-0 8. Qd2 Nc6 9. 0-0-0 d5 10. exd5 Nxd5 11. Nxc6 bxc6 12. Nxd5 cxd5 13. Qxd5 Qc7 14. Qc5 Qb7 15. b3 Bf5 16. Bd3 Rfc8 17. Qa5 Bxd3 18. Rxd3 Qc6 19. c4 Qf6 20. Bd4 e5 21. Bb2 Qg5+ 22. Qd2 Qxd2+ 23. Rxd2 Bh6 24. Bxe5 Bxd2+ 25. Kxd2 Rc5 26. Bd4 Rg5 27. g3 Ra5 28. a4 Rf5 29. f4 g5 30. Rf1 a5 31. Rf2 gxf4 32. gxf4 Rh5 33. Bb6 Rh3 34. Rg2+ Kf8 35. Bc5+ 1-0

[Event "Wichern op 5th"]
[Site "Hamburg"]
[Date "1999.10.15"]
[Round "1"]
[White "Haucke, Alexander"]
[Black "Kjaer, Jakob"]
[Result "1-0"]
[WhiteElo "2173"]
[BlackElo "1742"]
[PlyCount "49"]
[EventDate "1999.10.15"]
[EventType "swiss"]
[EventRounds "9"]
[EventCountry "GER"]
[SourceTitle "EXT 2001"]
[Source "ChessBase"]
[SourceDate "2000.11.22"]
[SourceVersion "1"]
[SourceVersionDate "2000.11.22"]
[SourceQuality "1"]

1. e4 e5 2. Nf3 Nc6 3. Nc3 Nf6 4. d4 exd4 5. Nxd4 Nxd4 6. Qxd4 d6 7. Bc4 Be7 8. 0-0 0-0 9. h3 Be6 10. Bxe6 fxe6 11. e5 Ne8 12. Qg4 Rf5 13. exd6 cxd6 14. Re1 Nf6 15. Qc4 d5 16. Qe2 Ne4 17. Nxe4 dxe4 18. Qxe4 Rf6 19. Bg5 Rg6 20. Rad1 Qc7 21. Bf4 Qb6 22. Rd7 Bh4 23. Be3 Qa5 24. b4 Qxa2 25. Qxh4 1-0

[Event "GER-ch U20 int"]
[Site "Hamburg"]
[Date "1999.08.17"]
[Round "2"]
[White "Haucke, Alexander"]
[Black "Klimov, Sergey"]
[Result "0-1"]
[WhiteElo "2173"]
[BlackElo "2416"]
[PlyCount "78"]
[EventDate "1999.08.??"]
[EventType "swiss"]
[EventRounds "9"]
[EventCountry "GER"]
[SourceTitle "EXT 2000"]
[Source "ChessBase"]
[SourceDate "1999.11.16"]
[SourceVersion "1"]
[SourceVersionDate "1999.11.16"]
[SourceQuality "1"]

1. e4 c5 2. c3 d5 3. exd5 Qxd5 4. d4 Nf6 5. Nf3 Bg4 6. Be2 e6 7. 0-0 Nc6 8. a3 cxd4 9. cxd4 Be7 10. Nc3 Qd6 11. Be3 0-0 12. Qb3 Rfd8 13. Rfd1 a6 14. h3 Bh5 15. Rac1 b5 16. g4 Bg6 17. Nh4 Nxg4 18. hxg4 Bxh4 19. d5 Na5 20. Qa2 e5 21. b4 Nb7 22. Qb3 f5 23. gxf5 Bxf5 24. a4 Qg6+ 25. Kf1 Bg5 26. Bxg5 Qxg5 27. axb5 Bh3+ 28. Ke1 Qg1+ 29. Kd2 Qxf2 30. bxa6 Rxa6 31. Qc4 Rg6 32. Qc7 Bf5 33. Rf1 Qd4+ 34. Ke1 Qh4+ 35. Kd1 Nd6 36. b5 Qd4+ 37. Ke1 Rc8 38. Qa5 Qe3 39. Kd1 Ne4 0-1